[Event "4NCL Division 2a"]
[Site "Northampton, ENG"]
[Date "2017.02.11"]
[Round "5.15"]
[White "Klingher, Dominic"]
[Black "Coates, Kenneth G"]
[Result "1-0"]
[WhiteElo "2054"]
[BlackElo "2132"]
[PlyCount "71"]
[EventDate "2017.02.11"]
[WhiteTeam "Barbican 4NCL Youth"]
[BlackTeam "CSC Dragons"]

1. d4 d5 2. Nf3 Nf6 3. Bf4 c5 4. c3 Nc6 5. e3 Qb6 6. Qc1 Bf5 7. Nh4 Bd7 8. Bd3
Rc8 9. O-O h6 10. Nf3 cxd4 11. exd4 Nb4 12. Bc2 Nxc2 13. Qxc2 e6 14. Nbd2 Be7
15. Rfe1 O-O 16. Qb3 Qxb3 17. axb3 a6 18. h3 Bb5 19. Ne5 Nd7 20. Ndf3 Rfd8 21.
Rac1 Nxe5 22. Nxe5 Be8 23. Bg3 f6 24. Nd3 Kf7 25. Re3 Rc6 26. Rce1 Bd7 27. Nf4
Bf8 28. h4 g5 29. Nd3 a5 30. hxg5 hxg5 31. f4 Bh6 32. f5 exf5 33. Re7+ Kg6 34.
Nc5 Rxc5 35. dxc5 Bf8 36. Bc7 1-0

[Event "4NCL Division 2a"]
[Site "Northampton, ENG"]
[Date "2017.02.11"]
[Round "5.16"]
[White "Purdon, Colin"]
[Black "Crocker, Philip J"]
[Result "1/2-1/2"]
[WhiteElo "2054"]
[BlackElo "2092"]
[PlyCount "51"]
[EventDate "2017.02.11"]
[WhiteTeam "CSC Dragons"]
[BlackTeam "Barbican 4NCL Youth"]

1. d4 f5 2. g3 Nf6 3. Bg2 e6 4. Nf3 d5 5. O-O Bd6 6. c4 c6 7. Nc3 O-O 8. Bf4
Bxf4 9. gxf4 Nbd7 10. e3 Ne4 11. Rc1 Qe7 12. Ne5 Rf6 13. Nxe4 fxe4 14. f3 exf3
15. Qxf3 Nxe5 16. dxe5 Rf7 17. Kh1 b6 18. cxd5 cxd5 19. Rc3 Bb7 20. Rfc1 Rd8
21. Rd3 Rd7 22. Rd4 Rc7 23. Rdd1 Rxc1 24. Rxc1 Qh4 25. Qg3 Qxg3 26. hxg3
1/2-1/2

[Event "4NCL Division 2a"]
[Site "Northampton, ENG"]
[Date "2017.02.11"]
[Round "5.17"]
[White "Rice, Chris B"]
[Black "Ismailov, Roman"]
[Result "1/2-1/2"]
[WhiteElo "2016"]
[BlackElo "2026"]
[PlyCount "96"]
[EventDate "2017.02.11"]
[WhiteTeam "Barbican 4NCL Youth"]
[BlackTeam "CSC Dragons"]

1. c4 Nf6 2. g3 c6 3. Bg2 d5 4. Nf3 Bg4 5. cxd5 cxd5 6. Ne5 Bc8 7. Nc3 e6 8. d4
Be7 9. O-O O-O 10. Bf4 Nbd7 11. Rc1 Nh5 12. Be3 a6 13. Qd2 Bd6 14. Nd3 b6 15.
a4 Bb7 16. Rc2 Rc8 17. Rfc1 Nhf6 18. Bf4 Qe7 19. Ne5 Bb4 20. Nxd7 Qxd7 21. Be5
Ne4 22. Qd3 Bxc3 23. bxc3 Qxa4 24. f3 Nf6 25. Bxf6 gxf6 26. Qe3 Qd7 27. Qf4 Qe7
28. e4 b5 29. Qh4 Rfe8 30. Rb1 f5 31. Qxe7 Rxe7 32. exf5 exf5 33. f4 Kg7 34.
Kf2 Rce8 35. Ra1 Kf6 36. Rb1 Rc7 37. Bf3 Rec8 38. Rb3 Rc4 39. Ke2 Re8+ 40. Kd2
Ke6 41. Be2 Rc7 42. Bd3 Rce7 43. Rc1 Kd6 44. Rf1 Bc8 45. Rbb1 Rc7 46. Rb3 Rce7
47. Rbb1 Rc7 48. Rb3 Rce7 1/2-1/2

[Event "4NCL Division 2a"]
[Site "Northampton, ENG"]
[Date "2017.02.11"]
[Round "5.18"]
[White "Richardson, Keith B"]
[Black "Portman, Carl S"]
[Result "1/2-1/2"]
[WhiteElo "1999"]
[BlackElo "1861"]
[PlyCount "116"]
[EventDate "2017.02.11"]
[WhiteTeam "CSC Dragons"]
[BlackTeam "Barbican 4NCL Youth"]

1. e4 e6 2. d4 d5 3. e5 c5 4. c3 Bd7 5. Nf3 Nc6 6. Be2 h6 7. O-O Qb6 8. dxc5
Bxc5 9. b4 Be7 10. Be3 Qc7 11. Na3 Nxe5 12. Nxe5 Qxe5 13. Bd4 Qg5 14. f4 Qg6
15. Nb5 Bxb5 16. Bxb5+ Kf8 17. f5 exf5 18. Bd3 Bf6 19. Bc5+ Be7 20. Bxf5 Bxc5+
21. bxc5 Qc6 22. Qd4 b6 23. cxb6 Qxb6 24. Rab1 Qxd4+ 25. cxd4 Nf6 26. Rb7 h5
27. Rc1 Ne8 28. Rd7 g6 29. Bd3 Nf6 30. Rb7 Ne4 31. Bxe4 dxe4 32. Rcc7 Kg7 33.
Rxf7+ Kh6 34. Kf2 Rhf8 35. Ke3 Rxf7 36. Rxf7 g5 37. Kxe4 Kg6 38. Rc7 a5 39.
Rc6+ Kf7 40. Kf5 Rd8 41. Rc7+ Kf8 42. Ke5 Re8+ 43. Kf6 Rd8 44. Rc2 Ke8 45. Re2+
Kf8 46. Rd2 Rd5 47. Ke6 Rb5 48. d5 Ke8 49. d6 Rb4 50. Rd5 Rb2 51. Rxg5 Re2+ 52.
Re5 Rxa2 53. Rxh5 Re2+ 54. Re5 Rxg2 55. Rxa5 Re2+ 56. Kd5 Rxh2 57. Ra8+ Kd7 58.
Ra7+ Kd8 1/2-1/2

[Event "4NCL Division 2a"]
[Site "Northampton, ENG"]
[Date "2017.02.11"]
[Round "5.21"]
[White "Snape, Ian L"]
[Black "Cumming, Rhys"]
[Result "1-0"]
[WhiteElo "2282"]
[BlackElo "2165"]
[PlyCount "59"]
[EventDate "2017.02.11"]
[WhiteTeam "The ADs"]
[BlackTeam "Sussex Martlets 1"]

1. e4 e5 2. Nf3 Nc6 3. d4 exd4 4. Bc4 Nf6 5. e5 d5 6. Bb5 Ne4 7. Nxd4 Bc5 8.
Be3 O-O 9. Nxc6 bxc6 10. Bxc5 Nxc5 11. Bxc6 Rb8 12. O-O Qe7 13. Nc3 Rxb2 14.
Qc1 Rb6 15. Nxd5 Qxe5 16. Nxb6 axb6 17. Qe3 Qf6 18. Qf3 Qg6 19. c3 h5 20. h3
Bf5 21. Rfe1 Rd8 22. Re5 Be6 23. Qxh5 Qc2 24. Qh4 Rd1+ 25. Kh2 f6 26. Qh5 Rd8
27. Rxe6 Nxe6 28. Bd5 Rd6 29. Qe8+ Kh7 30. Bxe6 1-0

[Event "4NCL Division 2a"]
[Site "Northampton, ENG"]
[Date "2017.02.11"]
[Round "5.22"]
[White "Therrien, Alex L"]
[Black "Swindells, Jonathan E"]
[Result "0-1"]
[WhiteElo "2229"]
[BlackElo "2312"]
[PlyCount "62"]
[EventDate "2017.02.11"]
[WhiteTeam "Sussex Martlets 1"]
[BlackTeam "The ADs"]

1. d4 Nf6 2. c4 g6 3. Nf3 Bg7 4. g3 c5 5. d5 d6 6. Nc3 O-O 7. Bg2 e6 8. O-O
exd5 9. cxd5 a6 10. a4 Re8 11. Nd2 Nbd7 12. a5 b5 13. axb6 Nxb6 14. e4 Ng4 15.
Nb3 Ne5 16. f4 Nec4 17. e5 Bb7 18. Re1 Qc7 19. exd6 Nxd6 20. Na5 Rxe1+ 21. Qxe1
Re8 22. Qf1 Bd4+ 23. Kh1 Bxc3 24. bxc3 Bxd5 25. Bxd5 Nxd5 26. c4 Ne3 27. Qf2
Ndxc4 28. Bxe3 Nxe3 29. h3 c4 30. Qf3 c3 31. Nb3 Qb6 0-1

[Event "4NCL Division 2a"]
[Site "Northampton, ENG"]
[Date "2017.02.11"]
[Round "5.23"]
[White "Richardson, John R"]
[Black "Willson, Ollie"]
[Result "1/2-1/2"]
[WhiteElo "2282"]
[BlackElo "2039"]
[PlyCount "142"]
[EventDate "2017.02.11"]
[WhiteTeam "The ADs"]
[BlackTeam "Sussex Martlets 1"]

1. Nf3 Nf6 2. g3 d5 3. Bg2 Bf5 4. c4 c6 5. cxd5 cxd5 6. Qb3 Qc8 7. Nc3 e6 8. d3
Nc6 9. Bf4 a6 10. O-O Be7 11. Rac1 O-O 12. Na4 Nd7 13. Ne5 Ndxe5 14. Bxe5 Qd8
15. Bf4 Nd4 16. Qd1 Bg4 17. f3 Bh5 18. Bc7 Qe8 19. Nb6 Bg5 20. Be5 Be3+ 21. Kh1
Rd8 22. Na4 Bxc1 23. Bxd4 Bg5 24. h4 Be7 25. g4 Bxh4 26. gxh5 f5 27. f4 Qxh5
28. Rf3 Bf6+ 29. Rh3 Qg4 30. Be3 e5 31. fxe5 Bxe5 32. Nb6 Kh8 33. Qf1 d4 34.
Bd2 Bc7 35. Nd5 Bb8 36. Bf3 Qg6 37. Qf2 Be5 38. Bf4 Bxf4 39. Nxf4 Qf6 40. Qh2
h6 41. Rg3 g5 42. Nh5 Qd6 43. Qf2 b5 44. Rg1 Rc8 45. e3 dxe3 46. Qxe3 Rfe8 47.
Qd2 Qd4 48. Ng3 Qe3 49. Rd1 Rcd8 50. Nxf5 Qxd3 51. Nxh6 Qc4 52. Qc1 Qxc1 53.
Rxc1 Kg7 54. Nf5+ Kf6 55. Ng3 Re3 56. Rf1 Ke5 57. Kg2 Rd2+ 58. Rf2 Red3 59. Be2
Rd5 60. Rf5+ Ke6 61. Rf2 R5d4 62. b3 Rd8 63. Ne4 R2d5 64. a4 Ke5 65. Nf6 Rc5
66. axb5 axb5 67. Bg4 Rc3 68. Rf5+ Kd4 69. Rxb5 Rd6 70. Nh7 Ra6 71. Rf5 Ra2+
1/2-1/2

[Event "4NCL Division 2a"]
[Site "Northampton, ENG"]
[Date "2017.02.11"]
[Round "5.24"]
[White "Tebbs, Howard L"]
[Black "Wheeler, Darren P"]
[Result "1/2-1/2"]
[WhiteElo "2094"]
[BlackElo "2260"]
[PlyCount "59"]
[EventDate "2017.02.11"]
[WhiteTeam "Sussex Martlets 1"]
[BlackTeam "The ADs"]

1. d4 e6 2. Nf3 d5 3. Bf4 Bd6 4. e3 c5 5. c3 Nc6 6. Ne5 Nge7 7. Bd3 Ng6 8. Qh5
Bxe5 9. dxe5 Qb6 10. b3 Bd7 11. O-O O-O-O 12. Nd2 Be8 13. Bxg6 fxg6 14. Qe2 h6
15. e4 g5 16. Bg3 h5 17. h4 Bg6 18. exd5 Rxd5 19. Nc4 Qd8 20. Nd6+ Kb8 21. Rfd1
gxh4 22. Bf4 Rf8 23. Qe3 Ne7 24. Bg5 Qc7 25. Bxh4 Nf5 26. Nxf5 Rxd1+ 27. Rxd1
Bxf5 28. Rd6 b6 29. Qd2 Rf7 30. c4 1/2-1/2

[Event "4NCL Division 2a"]
[Site "Northampton, ENG"]
[Date "2017.02.11"]
[Round "5.25"]
[White "Rich, Mark C"]
[Black "Payne, Matthew J"]
[Result "0-1"]
[WhiteElo "2185"]
[BlackElo "2100"]
[PlyCount "80"]
[EventDate "2017.02.11"]
[WhiteTeam "The ADs"]
[BlackTeam "Sussex Martlets 1"]

1. e4 e6 2. Nc3 d5 3. Nf3 Nc6 4. Bb5 a6 5. Bxc6+ bxc6 6. O-O Nf6 7. Re1 Be7 8.
d4 O-O 9. Bg5 Bb7 10. Bxf6 Bxf6 11. e5 Be7 12. Na4 a5 13. Qd2 Qb8 14. Nc5 Qa7
15. Qc3 Rfb8 16. a4 Ba6 17. b3 Rb4 18. Rad1 Rd8 19. Rd2 h6 20. h4 Bb7 21. Red1
Ba6 22. g3 Kh7 23. Kg2 Kg8 24. Ne1 Bf8 25. h5 Be7 26. Nf3 Bb7 27. Qe3 Ba6 28.
Ne1 Bxc5 29. dxc5 Re4 30. Qc3 Be2 31. Rc1 d4 32. Qb2 Qxc5 33. Nd3 Qc3 34. Rxe2
Rxe2 35. Qxc3 dxc3 36. Kf3 Rd2 37. Ke3 Rd5 38. f4 Rg2 39. Kf3 Rxc2 40. Rxc2
Rxd3+ 0-1

[Event "4NCL Division 2a"]
[Site "Northampton, ENG"]
[Date "2017.02.11"]
[Round "5.26"]
[White "Grant, David J"]
[Black "Bailey, Kevin J"]
[Result "1/2-1/2"]
[WhiteElo "2091"]
[BlackElo "2095"]
[PlyCount "60"]
[EventDate "2017.02.11"]
[WhiteTeam "Sussex Martlets 1"]
[BlackTeam "The ADs"]

1. e4 e6 2. Nf3 d5 3. Nc3 Nf6 4. e5 Nfd7 5. d4 c5 6. dxc5 Nc6 7. Bf4 Be7 8. Qd2
a6 9. Bd3 Nxc5 10. O-O O-O 11. Rad1 f5 12. exf6 Bxf6 13. Rfe1 Nxd3 14. cxd3 Bd7
15. d4 b5 16. Bg3 Rc8 17. Re3 Qb6 18. Ne5 Nxe5 19. Bxe5 Be8 20. Rde1 Bg6 21.
Bxf6 Rxf6 22. Re5 Rc4 23. Ne2 b4 24. Rc1 Qc6 25. h4 Rxc1+ 26. Nxc1 Qc2 27. Qe3
Qd1+ 28. Qe1 Qxd4 29. Rxe6 Qxh4 30. Rxf6 Qxf6 1/2-1/2

[Event "4NCL Division 2a"]
[Site "Northampton, ENG"]
[Date "2017.02.11"]
[Round "5.27"]
[White "Anderton, David W"]
[Black "Miller, Dominic"]
[Result "0-1"]
[WhiteElo "2125"]
[BlackElo "2031"]
[PlyCount "80"]
[EventDate "2017.02.11"]
[WhiteTeam "The ADs"]
[BlackTeam "Sussex Martlets 1"]

1. d4 d5 2. c4 c6 3. Nf3 Nf6 4. Nc3 e6 5. Bg5 h6 6. Bxf6 Qxf6 7. e3 Nd7 8. Bd3
g6 9. O-O Bg7 10. e4 dxe4 11. Nxe4 Qf4 12. g3 Qc7 13. Rc1 Nf6 14. Nc3 O-O 15.
Re1 Rd8 16. Qc2 b6 17. b4 Bb7 18. c5 a5 19. a3 axb4 20. axb4 Ba6 21. b5 cxb5
22. Nxb5 Bxb5 23. Bxb5 Ra5 24. Qe2 bxc5 25. Rxc5 Qa7 26. Rec1 Nd5 27. Ne5 Ra2
28. Qf3 Ra3 29. Rc8 Rxf3 30. Rxd8+ Kh7 31. Nxf3 Qb6 32. Rxd5 exd5 33. Rc5 Bxd4
34. Rxd5 Bxf2+ 35. Kg2 Be3 36. Re5 Bd4 37. Re4 Qxb5 38. Rxd4 Qe2+ 39. Kh3 Qxf3
40. Rf4 Qd5 0-1

[Event "4NCL Division 2a"]
[Site "Northampton, ENG"]
[Date "2017.02.11"]
[Round "5.28"]
[White "Rogacewicz, Mikolaj"]
[Black "Ahluwalia, Amardip"]
[Result "0-1"]
[WhiteElo "1937"]
[BlackElo "2065"]
[PlyCount "52"]
[EventDate "2017.02.11"]
[WhiteTeam "Sussex Martlets 1"]
[BlackTeam "The ADs"]

1. d4 d5 2. c4 e6 3. Nf3 Nf6 4. g3 Be7 5. Bg2 O-O 6. O-O Nbd7 7. b3 Ne4 8. Nfd2
f5 9. f3 Nxd2 10. Nxd2 Bf6 11. Bb2 c5 12. cxd5 exd5 13. f4 Nb6 14. Nf3 c4 15.
Ne5 Be6 16. Rc1 Rc8 17. bxc4 Nxc4 18. Nxc4 dxc4 19. e4 fxe4 20. Bxe4 Bd5 21.
Bf5 Rc6 22. Re1 Qb6 23. Rb1 Qa5 24. Ba1 c3 25. Rxb7 c2 26. Qc1 Qxe1+ 0-1

[Event "4NCL Division 2a"]
[Site "Northampton, ENG"]
[Date "2017.02.11"]
[Round "5.31"]
[White "Varnam, Liam D"]
[Black "Lam, Paul G M"]
[Result "1/2-1/2"]
[WhiteElo "2104"]
[BlackElo "2125"]
[PlyCount "60"]
[EventDate "2017.02.11"]
[WhiteTeam "Grantham Sharks 2"]
[BlackTeam "Warwickshire Select 2"]

1. e4 Nc6 2. d4 d5 3. e5 Bf5 4. Nf3 e6 5. Bd3 Nge7 6. O-O Bg4 7. c3 f6 8. Re1
fxe5 9. dxe5 Qd7 10. Nbd2 O-O-O 11. Bb5 a6 12. Ba4 h6 13. Nb3 Nf5 14. Nbd4
Nfxd4 15. cxd4 b5 16. Bc2 Bxf3 17. gxf3 Bb4 18. Re3 Ba5 19. a3 Bb6 20. Rd3 Rdf8
21. Be3 Qf7 22. Rc3 Kb7 23. Rc1 Na7 24. Kg2 a5 25. Bd3 g5 26. Be2 Rhg8 27. Qd3
Qg6 28. Qxg6 Rxg6 29. b4 a4 30. Kg3 h5 1/2-1/2

[Event "4NCL Division 2a"]
[Site "Northampton, ENG"]
[Date "2017.02.11"]
[Round "5.32"]
[White "Fallowfield, Jeremy R"]
[Black "Tavares, Shawn P"]
[Result "0-1"]
[WhiteElo "2155"]
[BlackElo "2138"]
[PlyCount "56"]
[EventDate "2017.02.11"]
[WhiteTeam "Warwickshire Select 2"]
[BlackTeam "Grantham Sharks 2"]

1. d4 Nf6 2. c4 c5 3. d5 b5 4. cxb5 g6 5. Nc3 a6 6. bxa6 Bg7 7. e4 O-O 8. Nf3
Qa5 9. Bd2 Bxa6 10. Bxa6 Qxa6 11. Qe2 d6 12. h3 Nbd7 13. Qxa6 Rxa6 14. O-O Rb8
15. Rab1 Ne8 16. b3 Bxc3 17. Bxc3 Rxa2 18. b4 Rc2 19. Bd2 cxb4 20. Rxb4 Rxb4
21. Bxb4 Rc4 22. Bd2 Rxe4 23. Rb1 f6 24. Rb7 Nc5 25. Rb8 Kf7 26. Be3 Na6 27.
Rb5 Rb4 28. Ra5 Nac7 0-1

[Event "4NCL Division 2a"]
[Site "Northampton, ENG"]
[Date "2017.02.11"]
[Round "5.33"]
[White "Willis, Rupert"]
[Black "Page, Mark E"]
[Result "1/2-1/2"]
[WhiteElo "2183"]
[BlackElo "2117"]
[PlyCount "54"]
[EventDate "2017.02.11"]
[WhiteTeam "Grantham Sharks 2"]
[BlackTeam "Warwickshire Select 2"]

1. c4 Nf6 2. Nf3 g6 3. b4 Bg7 4. Bb2 O-O 5. d3 d6 6. Nbd2 e5 7. g3 Re8 8. Qc2
a5 9. a3 axb4 10. axb4 Rxa1+ 11. Bxa1 Na6 12. Bc3 Bf5 13. e4 Bd7 14. Bg2 Qc8
15. O-O Bh3 16. Qb2 Bxg2 17. Kxg2 c5 18. Rb1 Nh5 19. h3 f5 20. Qc2 Nf6 21. bxc5
Nxc5 22. Bb4 Qc6 23. Bxc5 dxc5 24. Qb3 fxe4 25. dxe4 Nxe4 26. Qxb7 Qxb7 27.
Rxb7 Nxd2 1/2-1/2

[Event "4NCL Division 2a"]
[Site "Northampton, ENG"]
[Date "2017.02.11"]
[Round "5.34"]
[White "Cooper, David M"]
[Black "Birtwistle, Nigel"]
[Result "0-1"]
[WhiteElo "2051"]
[BlackElo "2142"]
[PlyCount "78"]
[EventDate "2017.02.11"]
[WhiteTeam "Warwickshire Select 2"]
[BlackTeam "Grantham Sharks 2"]

1. c4 e5 2. g3 Nf6 3. Bg2 c6 4. d4 exd4 5. Qxd4 Na6 6. Nf3 Bc5 7. Qd1 O-O 8.
O-O d5 9. cxd5 Nxd5 10. a3 h6 11. e4 Nf6 12. Qxd8 Rxd8 13. Nc3 Be6 14. b4 Be7
15. Be3 Nc7 16. Rfd1 Rxd1+ 17. Rxd1 a5 18. bxa5 Bxa3 19. Bb6 Na6 20. Nd4 Bc4
21. Nf5 Bb4 22. Rd4 Be6 23. Ne2 Nd7 24. Nd6 Nxb6 25. axb6 Bc5 26. Rd2 Bxb6 27.
Nxb7 Nc5 28. h4 Nxb7 29. Rb2 Ra6 30. Nf4 Bc4 31. e5 Bb5 32. e6 fxe6 33. Nxe6
Nc5 34. Nf4 Bc7 35. Nd5 Be5 36. Rc2 Nd3 37. Ne7+ Kf7 38. Nxc6 Bxc6 39. Bxc6 Nb4
0-1

[Event "4NCL Division 2a"]
[Site "Northampton, ENG"]
[Date "2017.02.11"]
[Round "5.35"]
[White "Murphy, Hugh W"]
[Black "Paterson, Andrew I"]
[Result "0-1"]
[WhiteElo "2107"]
[BlackElo "2125"]
[PlyCount "38"]
[EventDate "2017.02.11"]
[WhiteTeam "Grantham Sharks 2"]
[BlackTeam "Warwickshire Select 2"]

1. d4 f5 2. Nf3 Nf6 3. Bg5 e6 4. Nbd2 Be7 5. Bxf6 Bxf6 6. e4 fxe4 7. Nxe4 O-O
8. Bd3 b6 9. Ne5 Ba6 10. Bxa6 Nxa6 11. c3 Bxe5 12. dxe5 Qh4 13. Qd3 Rf4 14. O-O
Rxe4 15. Qxa6 Rxe5 16. Qb7 Qd8 17. Rad1 d6 18. Rfe1 Rb8 19. Qxa7 Ra5 0-1

[Event "4NCL Division 2a"]
[Site "Northampton, ENG"]
[Date "2017.02.11"]
[Round "5.36"]
[White "Ali, Golam S"]
[Black "Milson, Samuel A"]
[Result "0-1"]
[WhiteElo "1967"]
[BlackElo "2092"]
[PlyCount "64"]
[EventDate "2017.02.11"]
[WhiteTeam "Warwickshire Select 2"]
[BlackTeam "Grantham Sharks 2"]

1. d4 d5 2. e4 e6 3. Nc3 Nf6 4. Bg5 Be7 5. e5 Nfd7 6. Bxe7 Qxe7 7. Nf3 O-O 8.
Bd3 c5 9. O-O Nc6 10. Re1 a6 11. h4 h6 12. Ng5 cxd4 13. Nxd5 exd5 14. e6 hxg5
15. exd7 Qxd7 16. Qh5 g6 17. Qxg5 Qg4 18. Qh6 Bd7 19. Be2 Qf5 20. g4 Qf6 21. h5
Ne5 22. g5 Qf4 23. Rad1 Bg4 24. hxg6 fxg6 25. Bxg4 Qxg4+ 26. Kf1 Qf5 27. Re2
Ng4 28. Qh4 Ne3+ 29. Rxe3 dxe3 30. Rd3 Qxf2+ 31. Qxf2 exf2 32. Rxd5 Rae8 0-1

[Event "4NCL Division 2a"]
[Site "Northampton, ENG"]
[Date "2017.02.11"]
[Round "5.37"]
[White "Kafka, Graeme"]
[Black "Cundy, Mark A"]
[Result "1/2-1/2"]
[WhiteElo "2030"]
[BlackElo "1965"]
[PlyCount "43"]
[EventDate "2017.02.11"]
[WhiteTeam "Grantham Sharks 2"]
[BlackTeam "Warwickshire Select 2"]

1. e4 c5 2. Nf3 Nc6 3. d4 cxd4 4. Nxd4 Nf6 5. Nc3 e5 6. Ndb5 d6 7. Bg5 a6 8.
Na3 b5 9. Nd5 Be7 10. Bxf6 Bxf6 11. c4 b4 12. Nc2 a5 13. g3 O-O 14. Bg2 Rb8 15.
Qd3 Bg5 16. h4 Bh6 17. O-O Be6 18. Rad1 Qd7 19. b3 Rfd8 20. Nce3 Nd4 21. Nc2
Nc6 22. Nce3 1/2-1/2

[Event "4NCL Division 2a"]
[Site "Northampton, ENG"]
[Date "2017.02.11"]
[Round "5.38"]
[White "Bowcott-Terry, Finlay"]
[Black "Munshi, Aditya"]
[Result "0-1"]
[WhiteElo "1772"]
[BlackElo "1803"]
[PlyCount "66"]
[EventDate "2017.02.11"]
[WhiteTeam "Warwickshire Select 2"]
[BlackTeam "Grantham Sharks 2"]

1. d4 Nf6 2. c4 e6 3. Nc3 Bb4 4. a3 Bxc3+ 5. bxc3 c5 6. Nf3 b6 7. Bg5 h6 8. Bh4
Bb7 9. e3 d6 10. Bd3 Nbd7 11. O-O g5 12. Bg3 Qe7 13. h3 Rg8 14. Re1 Bc6 15. e4
e5 16. d5 Bb7 17. Nd2 Nf8 18. Nf1 Bc8 19. Ne3 Ng6 20. Bc2 Nf4 21. Ba4+ Kf8 22.
Nf5 Bxf5 23. exf5 e4 24. f3 Qe5 25. Bxf4 gxf4 26. fxe4 Qxc3 27. Qb3 Qd4+ 28.
Kh2 Rg3 29. Qc2 Qe5 30. Qc1 f3 31. Qxh6+ Ke7 32. Kg1 Rxg2+ 33. Kf1 Rg1+ 0-1

[Event "4NCL Division 2a"]
[Site "Northampton, ENG"]
[Date "2017.02.11"]
[Round "5.41"]
[White "Bullen, Alex"]
[Black "Buckley, David E"]
[Result "1/2-1/2"]
[WhiteElo "2098"]
[BlackElo "2274"]
[PlyCount "44"]
[EventDate "2017.02.11"]
[WhiteTeam "West is Best 1"]
[BlackTeam "Downend & Fishponds"]

1. e4 c5 2. Nf3 Nc6 3. d4 cxd4 4. Nxd4 Nf6 5. Nc3 d6 6. g3 g6 7. Bg2 Bg7 8.
Nxc6 bxc6 9. e5 dxe5 10. Qxd8+ Kxd8 11. Bxc6 Rb8 12. Be3 Kc7 13. Bg2 a6 14.
O-O-O Bb7 15. f3 Ng4 16. Bc5 Bh6+ 17. Kb1 Ne3 18. Bxe3 Bxe3 19. Nd5+ Bxd5 20.
Rxd5 Rhd8 21. Rhd1 Rd6 22. c3 Rbd8 1/2-1/2

[Event "4NCL Division 2a"]
[Site "Northampton, ENG"]
[Date "2017.02.11"]
[Round "5.42"]
[White "Russell, Christopher"]
[Black "Edgell, Ben P"]
[Result "1/2-1/2"]
[WhiteElo "2114"]
[BlackElo "2120"]
[PlyCount "41"]
[EventDate "2017.02.11"]
[WhiteTeam "Downend & Fishponds"]
[BlackTeam "West is Best 1"]

1. e4 d6 2. d4 Nf6 3. Nc3 e5 4. dxe5 dxe5 5. Qxd8+ Kxd8 6. Bc4 Be6 7. Bxe6 fxe6
8. f3 Bd6 9. Nh3 Nbd7 10. Nf2 Ke7 11. Nd3 a6 12. Be3 c5 13. Ke2 c4 14. Nf2 b5
15. Rhd1 Bc5 16. Rd2 Bxe3 17. Kxe3 Nb6 18. a3 Rad8 19. Rad1 Rxd2 20. Rxd2 g5
21. g3 1/2-1/2

[Event "4NCL Division 2a"]
[Site "Northampton, ENG"]
[Date "2017.02.11"]
[Round "5.43"]
[White "Taylor, William J"]
[Black "Makepeace, Philip J"]
[Result "1/2-1/2"]
[WhiteElo "2065"]
[BlackElo "2073"]
[PlyCount "24"]
[EventDate "2017.02.11"]
[WhiteTeam "West is Best 1"]
[BlackTeam "Downend & Fishponds"]

1. d4 d5 2. Bf4 Nf6 3. e3 g6 4. Nf3 Bg7 5. Be2 O-O 6. h3 c5 7. c3 cxd4 8. cxd4
Nc6 9. O-O Bf5 10. Nc3 Rc8 11. Ne5 Ne4 12. Nxc6 bxc6 1/2-1/2

[Event "4NCL Division 2a"]
[Site "Northampton, ENG"]
[Date "2017.02.11"]
[Round "5.44"]
[White "Savory, Richard J"]
[Black "Littlejohns, David P"]
[Result "1-0"]
[WhiteElo "2096"]
[BlackElo "2005"]
[PlyCount "61"]
[EventDate "2017.02.11"]
[WhiteTeam "Downend & Fishponds"]
[BlackTeam "West is Best 1"]

1. e4 c6 2. d4 d5 3. e5 c5 4. dxc5 e6 5. Nf3 Bxc5 6. Bd3 Nc6 7. O-O Nge7 8. a3
Ng6 9. Re1 O-O 10. b4 Be7 11. Nbd2 Qc7 12. Bb2 Bd7 13. c4 dxc4 14. Nxc4 Rad8
15. Rc1 a6 16. Qc2 Na7 17. Bd4 Nc8 18. Qb1 Qb8 19. Be4 Bb5 20. g3 Bxc4 21. Rxc4
Na7 22. Bxa7 Qxa7 23. Rc7 Rb8 24. Bxg6 Bd8 25. Bxh7+ Kh8 26. Rc4 b5 27. Rf4 g5
28. Rf6 Bxf6 29. exf6 Qb6 30. Nxg5 Qd4 31. Bg8 1-0

[Event "4NCL Division 2a"]
[Site "Northampton, ENG"]
[Date "2017.02.11"]
[Round "5.45"]
[White "Richardt, Mike"]
[Black "Meek, Stephen J"]
[Result "1-0"]
[WhiteElo "2036"]
[BlackElo "2024"]
[PlyCount "125"]
[EventDate "2017.02.11"]
[WhiteTeam "West is Best 1"]
[BlackTeam "Downend & Fishponds"]

1. d4 Nf6 2. c4 g6 3. Nc3 Bg7 4. e4 d6 5. f4 O-O 6. Nf3 c5 7. d5 e6 8. Be2 exd5
9. exd5 Re8 10. O-O Ne4 11. Nxe4 Rxe4 12. Bd3 Re8 13. f5 Nd7 14. Qc2 Ne5 15.
Nxe5 Rxe5 16. fxg6 fxg6 17. Bf4 Bf5 18. Bxe5 Bxd3 19. Qxd3 Bxe5 20. Qh3 Qe7 21.
Rae1 Re8 22. g3 h5 23. Kh1 Qg5 24. Qd7 Qe7 25. Qa4 b6 26. Qc2 Kg7 27. Rf3 Rf8
28. Qf2 Rxf3 29. Qxf3 Kg8 30. Re2 Kg7 31. b3 Kg8 32. g4 hxg4 33. Qxg4 Kg7 34.
Re3 Qf7 35. Rf3 Qe7 36. Qc8 Bf6 37. Qe6 Qd8 38. Kg2 Qf8 39. Qd7+ Kg8 40. Rh3
Qe7 41. Qxe7 Bxe7 42. Re3 Kf7 43. Kf3 Bf6 44. Re6 Be7 45. Ke4 Bf8 46. a3 Be7
47. b4 cxb4 48. axb4 a5 49. bxa5 bxa5 50. Kd3 g5 51. h3 Ke8 52. Kc2 Kd7 53. Kb3
Bd8 54. Ka4 Bc7 55. Kb5 Bd8 56. Rg6 Kc7 57. Kxa5 Kd7+ 58. Kb5 Be7 59. Rg7 Ke8
60. Kc6 Kf8 61. Rg6 Kf7 62. Re6 Bf8 63. Kd7 1-0

[Event "4NCL Division 2a"]
[Site "Northampton, ENG"]
[Date "2017.02.11"]
[Round "5.46"]
[White "Young, Daniel J"]
[Black "Homer, Stephen J"]
[Result "0-1"]
[WhiteElo "2012"]
[BlackElo "2011"]
[PlyCount "84"]
[EventDate "2017.02.11"]
[WhiteTeam "Downend & Fishponds"]
[BlackTeam "West is Best 1"]

1. e4 c5 2. Nf3 d6 3. d4 cxd4 4. Nxd4 Nf6 5. Nc3 a6 6. Bg5 Nbd7 7. Bc4 Qb6 8.
O-O Qxb2 9. Qd2 Qb6 10. Kh1 Ne5 11. Bb3 e6 12. f4 Nc6 13. Nxc6 Qxc6 14. e5 Nd7
15. Rae1 Nc5 16. f5 Nxb3 17. cxb3 d5 18. fxe6 Bxe6 19. Rc1 Ba3 20. Rc2 Rc8 21.
Qd3 O-O 22. Rff2 Qd7 23. Qg3 Rfe8 24. h4 Rc6 25. Rcd2 Kh8 26. Ne4 Rc1+ 27. Kh2
Qc6 28. Nf6 Rc8 29. Nh5 Rc3 30. Be3 Bf8 31. Qf4 Qb5 32. Ng3 Rd3 33. Rc2 Rdc3
34. Rcd2 Qb4 35. Rd4 Qe7 36. Bd2 Rc2 37. Bb4 Rxf2 38. Qxf2 Qc7 39. Bxf8 Rxf8
40. Qf4 f6 41. exf6 Qxf4 42. fxg7+ Kg8 0-1

[Event "4NCL Division 2a"]
[Site "Northampton, ENG"]
[Date "2017.02.11"]
[Round "5.47"]
[White "Parry, Matthew"]
[Black "French, Max"]
[Result "1/2-1/2"]
[WhiteElo "1900"]
[BlackElo "1930"]
[PlyCount "80"]
[EventDate "2017.02.11"]
[WhiteTeam "West is Best 1"]
[BlackTeam "Downend & Fishponds"]

1. d4 Nf6 2. c4 e6 3. Nc3 Bb4 4. e3 b6 5. Bd3 Bb7 6. Nf3 O-O 7. O-O d5 8. a3
Bxc3 9. bxc3 Nbd7 10. a4 Ne4 11. Nd2 f5 12. Qc2 Ba6 13. cxd5 Bxd3 14. Qxd3 exd5
15. c4 c6 16. cxd5 cxd5 17. Ba3 Rf7 18. Rac1 Ndf6 19. Nf3 Rc8 20. Ne5 Rfc7 21.
Rxc7 Rxc7 22. Rc1 Rxc1+ 23. Bxc1 Qc8 24. Bb2 a6 25. f3 Nd6 26. Ba3 Nc4 27. Qc3
Nd7 28. Nxc4 b5 29. Qd3 bxc4 30. Qxf5 Qc6 31. e4 Nf6 32. e5 Nd7 33. e6 Nf6 34.
g4 h6 35. g5 hxg5 36. Bc1 Qxa4 37. Bxg5 Qa1+ 38. Kg2 Qb2+ 39. Kg3 Qxd4 40. Bxf6
Qxf6 1/2-1/2